Responses for show #7556 - Monday, June 19, 2017

Contestants

Barbara Fox, a history instructor from Tucson, Arizona

Jeremy Fassler, a writer from Brooklyn, New York

Peter Guekguezian, a Ph.D. student in linguistics from Fresno, California (whose 1-day cash winnings total $18,401)

Jeopardy! Round responses

PUZZLERS
WHO THEY SERVED
ROCK, PAPER, SCISSORS
NAMES YOU SHOULD KNOW
HOUSE FULL OF LIT
THE FIGHT OF THE CENTURY
    $200 1
(Jeremy: What is a pattern?)
(Barbara: What is a quilt?)

a bedspread

PeterJeremyBarbara
    $200 17
the Attorney General of the United States

Barbara
    $200 15
Jimi Hendrix

Peter
    $200 5
Little House on the Prairie

Barbara
    $200 10
Mike Tyson

Peter
    $400 2
stretch marks

Peter
    $400 18
(Michael) Bloomberg

Peter
    $400 6
Kurt Vonnegut Jr.

Barbara
    $400 11
(Barbara: Who are Muhammad Ali and Joe Louis?)

Muhammad Ali and Joe Frazier

JeremyBarbara
    $600 3
mix tapes

Peter
    $600 19
Mitch McConnell

Jeremy
    $600 25
L'Oreal

Peter
    $600 7
The Cider House Rules

Barbara
    $600 12
a round

Peter
    $800 4
One Fish, Two Fish, Red Fish, Blue Fish

Jeremy
    $800 20
Maryland

Peter
    $800 26
(Peter: What is saltpeter?)
...
[The end-of-round signal sounds.]

flint

Peter
Triple Stumper
    $800 24
John Roberts Jr.

Jeremy
    $800 8
House of the Spirits

Jeremy
    $800 13
Joe Louis

Jeremy
    $1000 16
(Barbara: What is a Lab?)
(Alex: Be more specific.)
(Barbara: What is a...)
...

(Peter: What is a golden Lab?)

a yellow Lab

PeterJeremyBarbara
    $2,400 21
(Peter: What is the CIA?)
(Alex: No, he replaced J. Edgar Hoover as head of [*]. Less than a minute now, Peter.)

the FBI

Peter
    $1000 22
continental

Peter
    $1000 23
Steve Jobs

Peter
    $1000 9
Richard Matheson

Jeremy
    $1000 14
Floyd Mayweather Jr.

Triple Stumper

Scores at the first commercial break (after clue 15):

Peter Jeremy Barbara
$2,200 $3,600 $600

Scores at the end of the Jeopardy! Round:

Peter Jeremy Barbara
$1,800 $6,000 -$200

Double Jeopardy! Round responses

THE OLD PART OF TOWN
AN AVIAN CATEGORY
WEATHER
MUSIC-"AL"S
EASY JAPANESE
THE CENTURY OF THE FIGHT
    $400 2
Christian

Barbara
    $400 22
Dove

Jeremy
    $400 19
a blizzard

Peter
    $400 1
Alanis Morissette

Peter
    $400 12
(Barbara: What is Japanese?)
(Jeremy: What is friend?)

English

JeremyBarbara
Triple Stumper
    $400 7
(Alex: It was a battle in the American Civil War.)

the 19th century

Barbara
    $800 17
(Peter: What is Quebec?)

Montreal

PeterBarbara
    $800 23
(Jeremy: What is Birdman?)

Yardbird

Jeremy
Triple Stumper
    $800 30
(Peter: What is a monsoon?)
(Jeremy: What is a hurricane?)
(Barbara: What is a tornado?)

a cyclone

PeterJeremyBarbara
Triple Stumper
    $800 3
"Weird Al" Yankovic

Jeremy
    $800 13
(Peter: [*]. What is [*]? What is [*]?)

one

Peter
    $800 8
(Alex: World War I.)

the 20th century

Peter
    $1200 18
Vienna

Barbara
    $1200 24
the firebird

Jeremy
    $1200 29
the jetstream

Triple Stumper
    $1200 4
Alan Thicke

Peter
    $1200 14
(Barbara: What is grocery?)

a convenience store

PeterBarbara
    $4,200 9
(Peter: That would be [*].)
(Alex: Oh, this is one of those moments I hate. You got the century right, but you didn't phrase your response in the form of a question, so we have to consider it an incorrect response.)

the 15th century

Peter
    $1600 20
(Jeremy: What is the Danube?)

the Moldau

Jeremy
Triple Stumper
    $1600 25
(Alex: Less than a minute to go now, Jeremy.)

"The Chicken Dance"

Triple Stumper
    $1600 28
a storm surge

Triple Stumper
    $1600 5
Alan Jackson

Jeremy
    $1600 15
the airport

Peter
    $1600 10
the 18th century

Barbara
    $4,800 21
(Peter: What is Al Qibla?)

the Casbah

Peter
    $2000 26
a peacock

Peter
    $2000 27
fog

Triple Stumper
    $2000 6
Lily Allen

Triple Stumper
    $2000 16
sensei

Peter
    $2000 11
the 17th century

Peter

Scores at the end of the Double Jeopardy! Round:

Peter Jeremy Barbara
$3,600 $6,400 $1,800

[wagering suggestions for these scores]

Final Jeopardy! Round responses

AIRLINES
(Alex: Those three towns--Shreveport, Monroe, and Jackson--very important in the clue. They're all in the Mississippi [*].
BarbaraWhat is American Airlines?
$1,800
PeterWhat is Southwest Delta?
$3,598
JeremyWhat is TWA?
$801
Delta

Final scores:

Peter Jeremy Barbara
$7,198 $5,599 $0
2-day champion: $25,599 2nd place: $2,000 3rd place: $1,000

Game dynamics:

Coryat scores:

Peter Jeremy Barbara
$15,000 $6,400 $1,800
21 R,
7 W
(including 3 DDs)
12 R,
5 W
9 R,
6 W

Combined Coryat: $23,200

The J! Archive is created by fans, for fans. The Jeopardy! game show and all elements thereof, including but not limited to copyright and trademark thereto, are the property of Jeopardy Productions, Inc. and are protected under law. This website is not affiliated with, sponsored by, or operated by Jeopardy Productions, Inc. Join the discussion at JBoard.tv.